|
|
|
|
| LEADER |
00818nta a2200193 i 4500 |
| 001 |
dipl86670 |
| 005 |
20200714111834.0 |
| 008 |
200710s2018 hu om 0|| hun d |
| 040 |
|
|
|a SZTE Diploma Repozitórium
|b hun
|
| 041 |
|
|
|a hun
|
| 100 |
1 |
|
|a Szarka Tibor Alex
|
| 245 |
1 |
0 |
|a Nyílt forráskódú, ipari rendszer refaktorálása és annak karbantarthatóságára gyakorolt hatása
|h [elektronikus dokumentum] /
|c Tibor Alex Szarka
|
| 246 |
1 |
0 |
|a Refactoring an open-source, industrial system and its impact on maintainability
|h [elektronikus dokumentum]
|
| 260 |
|
|
|c 2018
|
| 650 |
|
4 |
|a Természettudományok
|
| 650 |
|
4 |
|a Computer and information sciences
|
| 700 |
0 |
1 |
|a Ferenc Rudolf
|e ths
|
| 700 |
0 |
1 |
|a Antal Gábor
|e ths
|
| 856 |
4 |
0 |
|u https://diploma.bibl.u-szeged.hu/id/eprint/86670/2/2018_szarka_tibor_alex.pdf
|z Dokumentum-elérés
|